gminy powiatu kozienickiego - Statystyki

Ogólne statystyki
  • Ten quiz został rozwiązany 86 razy
  • Średni wynik to 4 z 7
Odpowiedzi na mapie
Odpowiedzi zakodowano w zielono-czerwonej skali na mapie do tego quizu, zgodnie z poniższymi procentami.
 
Statystyki odpowiedzi
Gmina Odpowiedź % Poprawnych
miejsko-wiejska Kozienice
96%
wiejska Magnuszew
78%
wiejska Głowaczów
58%
wiejska Sieciechów
42%
wiejska Garbatka-Letnisko
40%
wiejska Grabów nad Pilicą
38%
miejska Gniewoszów
30%
Nie znaleziono quizów pasujących do podanych kryteriów
Rozkład punktacji
Procent ludzi z każdym wynikiem
Percentyl według liczby udzielonych odpowiedzi
Twoja historia wyników
Nie rozwiązałeś tego quizu